| 000 | 00530cam a2200181 a 4500 | ||
|---|---|---|---|
| 001 | 000000926 | ||
| 005 | 20251107110522.0 | ||
| 008 | 900927s1972 sp a 000 0 spa | ||
| 040 |
_aDO-SdBNP _cDLC _dDLC |
||
| 082 |
_a808.88 _bB582s |
||
| 245 | 0 | 0 |
_aBiblioteca de Selecciones : _blibros escogidos. |
| 260 |
_aMadrid : _bSelecciones del Reader's Digest, _c[1972]. |
||
| 300 |
_a508 p. : _bil. ; _c19 cm. |
||
| 650 | 4 |
_aLibros selectos _93271 |
|
| 650 | 0 |
_aLibros y lectura _91512 |
|
| 910 | _aCatalogación por copia/LC | ||
| 910 | _aWM | ||
| 999 |
_c917 _d917 |
||